The Middle East : temple of Janus /

محفوظ في:

المؤلف الرئيسي: Stewart, Desmond, 1924-1981.

التنسيق: كتاب

اللغة: English

منشور في: London : Hamish Hamilton, 1972, ©1971.

الموضوعات:

الوسوم: إضافة وسم

لا توجد وسوم, كن أول من يضع وسما على هذه التسجيلة!

رقم الطلب: DS62.4 .S85 1972

LEADER 00598nam a2200193Ia 4500
003 OSt
005 20260127112704.0
008 220401t19721971enkj b 000 0 eng d
040 |c ARCE Library 
050 4 |a DS62.4 .S85 1972 
100 1 |a Stewart, Desmond,   |d 1924-1981. 
245 1 4 |a The Middle East :   |b temple of Janus /   |c by Desmond Stewart. 
264 1 |a London :   |b Hamish Hamilton,   |c 1972, ©1971. 
300 |a viii, 414 p. :   |b geneal. tables ;   |c 24 cm. 
504 |a Bibliography : p. [389]-393. 
651 0 |a Middle East   |x History   |y 1517- 
901 |a reviewed 
942 |2 lcc  |c BK 
999 |c 47051  |d 47051